Statystyki dla Transfery powyżej 15mln w sezonie 2019/20 (Premier League)

Kliknij tutaj aby rozwiązać quiz!

Ogólne statystyki

  • Ten quiz został rozwiązany 96 razy
  • Średni wynik to 18 z 36

Statystyki odpowiedzi

TransferPiłkarz% Poprawnych
Leicester City → Manchester United (87mln)Harry Maguire
92%
Juventus → Manchester City (65mln)Joao Cancelo
92%
Sporting Lizbona → Manchester United (55mln)Bruno Fernandes
83%
Olympique Lyon → Tottenham (60mln)Tanguy Ndombele
82%
Crystal Palace → Manchester United (55mln)Aaron Wan-Bissaka
81%
Real Betis → Tottenham (wyp. 16mln)Giovani Lo Celso
80%
Atletico Madryt → Manchester City (70mln)Rodri
80%
LOSC Lille → Arsenal (80mln)Nicolas Pepe
79%
PSV → Tottenham (35mln)Steven Bergwijn
78%
Real Madryt → Chelsea (45mln)Mateo Kovacic
76%
Eintracht Frankfurt → West Ham (40mln)Sebastian Haller
73%
Celtic Glasgow → Arsenal (27mln)Kieran Tierney
72%
AS Monaco → Leicester City (45mln)Youri Tielemans
69%
Swansea City → Manchester United (17mln)Daniel James
63%
Arsenal → Everton (30,4mln)Alex Iwobi
62%
Fulham → Tottenham (35mln)Ryan Sessegnon
61%
Rennes → Watford (30mln)Ismaila Sarr
57%
Hoffenheim → Newcastle United (44mln)Joelinton
56%
AC Milan → Wolverhampton (18mln)Patrick Cutrone
54%
Liverpool → Southampton (22,2mln)Danny Ings
52%
Saint-Etienne → Arsenal (30mln)William Saliba
46%
Newcastle United → Leicester City (33,4mln)Ayoze Perez
45%
OGC Nice → Newcastle United (18mln)Allan Saint-Maximin
44%
KRC Genk → Brighton (20mln)Leandro Trossard
38%
KRC Genk → Sheffield Utd (21mln)Sander Berge
38%
Manchester City → Aston Villa (16,8mln)Douglas Luiz
28%
Bournemouth → Aston Villa (22,3mln)Tyrone Mings
26%
Birmingham City → Southampton (16,7mln)Che Adams
21%
Brentford → Brighton (22mln)Neal Maupay
20%
Club Brugge → Aston Villa (25mln)Wesley
20%
Southampton → Aston Villa (15,5mln)Matt Targett
13%
Huddersfield → Bournemouth (16,50mln)Philip Billing
13%
Standard Liege → Southampton (15,7mln)Moussa Djenepo
12%
Swansea → Sheffield Utd (19mln)Oliver McBurnie
6%
Club Brugge → Bournemouth (18mln)Arnaut Groeneveld
4%
Bristol City → Brighton (22mln)Adam Webster
2%

Rozkład punktacji

Percentyl według liczby udzielonych odpowiedzi

Procent ludzi z każdym wynikiem

Twoja historia wyników

Nie rozwiązałeś tego quizu